Corte Penal Internacional: requerimiento presentado al Tribunal Constitucional pidiendo declare la inconstitucionalidad del tratado de Roma que contiene el estatuto de una corte penal internacional
Uloženo v:
| Hlavní autoři: | , |
|---|---|
| Médium: | Kniha |
| Jazyk: | španělština |
| Vydáno: |
Valparaíso
Congreso Nacional
2002
|
| Témata: | |
| Tagy: |
Přidat tag
Žádné tagy, Buďte první, kdo vytvoří štítek k tomuto záznamu!
|
MARC
| LEADER | 00000nam a2200000 a 4500 | ||
|---|---|---|---|
| 001 | UCL6371 | ||
| 003 | CL-VaPUC | ||
| 008 | 040402e20020000CL |||||||||||||||||spa|d | ||
| 082 | 0 | 4 | |a 341.77 |b IBA |2 21 |
| 100 | |a Ibáñez Santa María, Gonzalo |e autor |9 617146 | ||
| 700 | 0 | |a Errázuriz Eguiguren, Maximiano |e author |9 484039 | |
| 245 | 1 | 0 | |a Corte Penal Internacional: requerimiento presentado al Tribunal Constitucional pidiendo declare la inconstitucionalidad del tratado de Roma que contiene el estatuto de una corte penal internacional |
| 300 | |a 48 p | ||
| 942 | |c BK | ||
| 945 | |d 20040402 00:00:00 |a cmena | ||
| 260 | |a Valparaíso |b Congreso Nacional |c 2002 | ||
| 650 | 0 | |a Derecho penal internacional |9 371889 | |
| 650 | 0 | |a Tratados internacionales |9 256056 | |
| 583 | |a last modification |c 20040402 00:00:00 |k Rodrigo Vera | ||
| 999 | |c 308483 |d 308481 | ||
| 952 | |0 0 |1 0 |2 ddc |4 0 |6 341_770000000000000_IBA_2002 |7 0 |8 A |9 375048 |a BIBDER |b BIBDER |d 2019-11-21 |i 4002393 |o 341.77 IBA 2002 |p 4002393 |r 2023-01-25 |w 2019-11-21 |y MX |k DER | ||